| 000 | 00000nas 2200000za 4500 |
| 001 | 9.507345 |
| 003 | CaOODSP |
| 005 | 20221107133753 |
| 007 | cr ||||||||||| |
| 008 | 150406d19942003oncar p o f0 a0eng|d |
| 022 | |a1483-3328 |
| 040 | |aCaOODSP|beng |
| 043 | |an-cn--- |
| 086 | 1 |aMP31-5E-PDF |
| 110 | 1 |aCanada.|bHuman Resources Development Canada.|bLabour Program. |
| 222 | 0|aAnnual report, Employment Equity Act |b(Online) |
| 240 | 10|aAnnual report, Employment Equity Act (Online) |
| 245 | 10|aAnnual report, Employment Equity Act |h[electronic resource]. |
| 260 | |aOttawa : |bHuman Resources Development Canada, |c[1994]-c2004. |
| 310 | |aAnnual |
| 362 | 0 |a1994-2003. |
| 500 | |aIssued also in French under title: Rapport annuel, Loi sur l'équité en matière d'emploi. |
| 515 | |aIssues for 1994-1997 available in HTML only. |
| 690 | 07|aAnnual reports|2gcpds |
| 690 | 07|aEmployment equity|2gcpds |
| 775 | 08|tRapport annuel, Loi sur l'équité en matière d'emploi |w(CaOODSP)9.503735 |
| 785 | 00|tAnnual report, Employment Equity Act |w(CaOODSP)9.874776 |